[Event "Iberoamerican-ch 8th"]
[Site "Mexico City"]
[Date "2022.02.17"]
[Round "7"]
[White "Jorajuria Mendoza, Algol"]
[Black "Zacarias Martinez, Daniel"]
[Result "1-0"]
[WhiteElo "2006"]
[BlackElo "1673"]
[PlyCount "85"]
[EventDate "2022.02.12"]
[EventType "swiss"]
[EventRounds "9"]
[EventCountry "MEX"]
[SourceTitle "CBM 206 Extra"]
[Source "ChessBase"]
[SourceDate "2022.03.31"]
[SourceVersion "1"]
[SourceVersionDate "2022.03.31"]
[SourceQuality "1"]

1. e4 e5 2. Nf3 Nc6 3. Bb5 a6 4. Ba4 Nf6 5. d3 d6 6. 0-0 h6 7. c3 Be7 8. Re1 0-0 9. Nbd2 b5 10. Bb3 Na5 11. Bc2 c5 12. Nf1 Re8 13. a4 Bb7 14. d4 Nc6 15. d5 Nb8 16. Qe2 Qb6 17. h3 Nbd7 18. Be3 Bf8 19. b4 Reb8 20. N1d2 Qc7 21. Ra2 c4 22. Rea1 Ne8 23. Nh2 g6 24. Nb1 Qd8 25. Na3 Nc7 26. Qd2 Kh7 27. Ng4 h5 28. Nh2 Be7 29. Nf3 Nf6 30. Ng5+ Kg8 31. f4 Nd7 32. Nf3 Bf6 33. fxe5 Nxe5 34. Nd4 Qd7 35. Rf1 Bg7 36. Raa1 Rf8 37. Bg5 Rae8 38. Bf6 Bxf6 39. Rxf6 Kg7 40. Qg5 Kh7 41. Raf1 Re7 42. Nf5 gxf5 43. Rh6# 1-0